Statistics for WWF Royal Rumble 1994 Entrants Quiz

Click here to take the quiz!

General Stats

  • This quiz has been taken 256 times
    (251 since last reset)
  • The average score is 17 of 29

Answer Stats

ENAnswerEL% Correct
27Bret HartW
91%
5Owen Hart5
90%
18Shawn Michaels27
88%
7Diesel13
84%
23Lex LugerW
83%
11"Macho Man" Randy Savage11
74%
15Bam Bam Bigelow23
64%
16Mabel14
64%
13Crush16
61%
19Mo21
61%
3Rick Steiner2
59%
1Scott Steiner4
59%
14Doink the Clown12
58%
28Fatu26
58%
12Jeff Jarrett10
58%
29Marty Jannetty24
56%
21Tatanka22
56%
8Bob Backlund7
54%
9Billy Gunn8
52%
26Rick Martel19
52%
2Samu1
52%
30Adam Bomb20
51%
6Bart Gunn3
51%
10Virgil9
50%
17Sparky Plugg17
49%
4Kwang6
46%
20Greg Valentine18
40%
22The Great Kabuki15
38%
24Genichiro Tenryu25
36%

Score Distribution

Percentile by Number Answered

Percent of People with Each Score

Your Score History

You have not taken this quiz since the last reset